000 00298nam a2200133Ia 4500
008 220216s9999 xx 000 0 und d
100 _aPhilip A
245 0 _aManninte phala pushtti
260 _bRubber
_c2019
300 _a13-15
650 _aSoil sampling
700 _aJessy M.D
942 _cBS
999 _c48644
_d48644